OSF/Motif programmer's reference
| Format: | Book |
|---|---|
| Published: |
New Jersey :
Prentice-Hall, Inc. ,
1988
|
| Subjects: |
MARC
| LEADER | 00000cam a2200000 7i4500 | ||
|---|---|---|---|
| 001 | 0000009159 | ||
| 002 | 000009974 | ||
| 005 | 20100610.0 | ||
| 020 | |a 0136405177 | ||
| 090 | 0 | 0 | |a 005.3 |b OSF |
| 245 | 0 | 0 | |a OSF/Motif programmer's reference |
| 260 | |a New Jersey : |b Prentice-Hall, Inc. , |c 1988 | ||
| 300 | |a 930 p. ; |c 24 cm. | ||
| 630 | 0 | 0 | |a Motif (Computer file) |
| 650 | 0 | 0 | |a Computer programming |
| 999 | |a 019419 |b BUKU |c PINJAMAN |e PERPUSTAKAAN KOMUNITI PETALING JAYA | ||